[Event "RUS-ch"]
[Site "Elista"]
[Date "1996.??.??"]
[Round "10"]
[White "Tiviakov, Sergei"]
[Black "Rashkovsky, Nukhim N"]
[Result "1-0"]
[WhiteElo "2615"]
[BlackElo "2530"]

1.e4 c5 2.Nf3 d6 3.d4 cxd4 4.Nxd4 Nf6 5.Nc3 a6 6.Be3 Ng4 7.Bc1 Nf6 8.Be3 Ng4
9.Bg5 h6 10.Bh4 g5 11.Bg3 Bg7 12.Be2 h5 13.h4 Nc6 14.Nb3 gxh4 15.Rxh4 Be6
16.Qd2 Rc8 17.f3 Nge5 18.Bf2 Na5 19.Nxa5 Qxa5 20.Bd4 Rg8 21.a3 Bc4 22.Rxh5 Bxe2
23.Kxe2 b5 24.Rg5 Nc4 25.Qf4 f6 26.Qg4 Kf7 27.Rxg7+ Rxg7 28.Qxc8 Rxg2+ 29.Kf1 Rxc2
30.b4 Nd2+ 31.Ke2 Nb3+ 32.Ke3 Qa4  1-0

[Event "RUS-ch m1-2"]
[Site "Elista"]
[Date "1997.05.25"]
[Round "3.1"]
[White "Yakovich, Yuri"]
[Black "Tiviakov, Sergei"]
[Result "1/2-1/2"]
[WhiteElo "2575"]
[BlackElo "2600"]

1.d4 Nf6 2.c4 e6 3.Nc3 Bb4 4.e3 O-O 5.Bd3 d5 6.Nf3 c5 7.O-O Nc6 8.a3 Bxc3
9.bxc3 dxc4 10.Bxc4 Qc7 11.Ba2 e5 12.h3 b6 13.d5 e4 14.dxc6 exf3 15.Qxf3 Be6
16.Bxe6 fxe6 17.c4 Rac8 18.Bb2 Qxc6 19.Qxc6 Rxc6 20.Rfd1 Rc7 21.Be5 Rb7 22.Rd6 Nd7
23.Bc3 Kf7 24.Rad1 Nb8 25.a4 Re8 26.f4 Ree7 27.Rd8 Nc6 28.Rh8 Rbd7 29.Rc1 h6
30.Kf2 Nb4 31.Ke2 Na2 32.Rc2 Nxc3+ 33.Rxc3 e5  1/2-1/2

[Event "TCN Cup 3rd "]
[Site "Beijing"]
[Date "1997.08.15"]
[Round "6"]
[White "Tiviakov, Sergei"]
[Black "Pigusov, Evgeny"]
[Result "1/2-1/2"]
[WhiteElo "2590"]
[BlackElo "2560"]

1.e4 c5 2.Nf3 d6 3.d4 cxd4 4.Nxd4 Nf6 5.Nc3 a6 6.Be3 Ng4 7.Bg5 h6 8.Bh4 g5
9.Bg3 Bg7 10.Qd2 Nc6 11.Nb3 f5 12.exf5  1/2-1/2

[Event "TCN Cup 3rd "]
[Site "Beijing"]
[Date "1997.08.18"]
[Round "9"]
[White "Atalik, Suat"]
[Black "Tiviakov, Sergei"]
[Result "0-1"]
[WhiteElo "2590"]
[BlackElo "2590"]

1.c4 e5 2.Nc3 Nf6 3.Nf3 Nc6 4.d4 e4 5.Ng5 h6 6.Nh3 Bb4 7.e3 Bxc3+ 8.bxc3 d6
9.Nf4 O-O 10.Be2 Re8 11.h4 Ne7 12.a4 Ng6 13.h5 Nf8 14.a5 Ne6 15.Nxe6 Bxe6
16.f4 Qd7 17.Rh4 Qe7 18.Rh2 Qd7 19.Rh4 Qe7 20.Bd2 Nh7 21.Rh1 f5 22.Qb3 Rab8
23.Bc1 Nf6 24.Ba3 b6 25.axb6 axb6 26.d5 Bf7 27.Kf2 Ra8 28.c5 bxc5 29.c4 Reb8
30.Qc3 Ra6 31.Bb2 Rab6 32.Ra2 Rb3 33.Qc1 Be8 34.Qa1 Bd7 35.Bc3 Ne8 36.Ra7 Qd8
37.Qa5 Rb1 38.Rh3 Rc1 39.Qa3 Rc2 40.Qa1 Rb3 41.Bxg7 Nxg7 42.Ra8 Bc8 43.Rg3 Rbb2
44.Rb8 Rxe2+ 45.Kf1 Qh4 46.Rxc8+ Kh7  0-1

[Event "TCN Cup 3rd "]
[Site "Beijing"]
[Date "1997.08.19"]
[Round "1"]
[White "Tiviakov, Sergei"]
[Black "Sermek, Drazen"]
[Result "1-0"]
[WhiteElo "2590"]
[BlackElo "2565"]

1.e4 e5 2.Nf3 Nc6 3.Bc4 Nf6 4.d3 h6 5.O-O d6 6.c3 g6 7.d4 Qe7 8.Re1 Bg7 9.Nbd2 O-O
10.h3 Nh7 11.Nf1 Ng5 12.Bxg5 hxg5 13.Ne3 Rb8 14.Qd2 b5 15.Bb3 Na5 16.Nd5 Qd8
17.dxe5 Bxe5 18.Qxg5 Qxg5 19.Nxg5 c6 20.f4 cxd5 21.fxe5 Nxb3 22.axb3 dxe5
23.exd5 a6 24.Rad1 f6 25.Ne4 Rb6 26.d6 Bd7 27.g4 Kf7 28.g5 Bxh3 29.gxf6  1-0

[Event "ST Lee Cup 4th"]
[Site "Beijing"]
[Date "1997.09.02"]
[Round "9"]
[White "Tiviakov, Sergei"]
[Black "Yakovich, Yuri"]
[Result "1/2-1/2"]
[WhiteElo "2590"]
[BlackElo "2610"]

1.e4 c5 2.Nf3 Nc6 3.d4 cxd4 4.Nxd4 Nf6 5.Nc3 e5 6.Ndb5 d6 7.Bg5 a6 8.Na3 b5
9.Nd5 Be7 10.Bxf6 Bxf6 11.c3 O-O 12.Nc2 Bg5 13.g3 Ne7 14.Ncb4 a5 15.Nxe7+ Qxe7
16.Nd5 Qb7 17.Qb3  1/2-1/2

[Event "Corsica rap op"]
[Site "Corsica"]
[Date "1997.??.??"]
[Round "1"]
[White "Tiviakov, Sergei"]
[Black "Alexander, Paco"]
[Result "1-0"]
[WhiteElo "2590"]
[BlackElo "2195"]

1.e4 c5 2.Nf3 d6 3.d4 cxd4 4.Nxd4 Nf6 5.Nc3 e6 6.Be2 Nc6 7.O-O Be7 8.Be3 O-O
9.f4 a6 10.a4 Qc7 11.Kh1 Bd7 12.Nb3 b6 13.Bf3 Rab8 14.g4 Bc8 15.g5 Nd7 16.Bg2 Bb7
17.Qh5 Rfe8 18.f5 Nce5 19.Qh3 Bf8 20.fxe6 fxe6 21.Nd4 Qc4 22.Nce2 d5 23.b3 Qc8
24.exd5 Bxd5 25.Nf4 Bxg2+ 26.Qxg2 Qc3 27.Bg1 Nc5 28.Nfe2 Qa5 29.Rab1 Ncd7
30.Nf4 Ng6 31.Nxg6 hxg6 32.Nc6  1-0

[Event "Corsica rap op"]
[Site "Corsica"]
[Date "1997.??.??"]
[Round "3"]
[White "Tiviakov, Sergei"]
[Black "Relange, Eloi"]
[Result "1-0"]
[WhiteElo "2590"]
[BlackElo "2505"]

1.e4 e6 2.d4 d5 3.Nd2 c5 4.exd5 exd5 5.Ngf3 Nf6 6.Be2 Be7 7.dxc5 Bxc5 8.Nb3 Bb6
9.O-O O-O 10.c3 Ne4 11.Nbd4 Nc6 12.Be3 Re8 13.Qc2 Qf6 14.Rad1 Bg4 15.Qb3 Red8
16.Nc2 Bxe3 17.Nxe3 Bxf3 18.Bxf3 d4 19.Nd5 Qd6 20.Nb4 Ng5 21.Bxc6 bxc6 22.Rxd4 Qg6
23.Rxd8+ Rxd8 24.Kh1 c5 25.Nd5 Qe4  1-0

[Event "Corsica rap op"]
[Site "Corsica"]
[Date "1997.??.??"]
[Round "4"]
[White "Djuric, Stefan"]
[Black "Tiviakov, Sergei"]
[Result "1/2-1/2"]
[WhiteElo "2545"]
[BlackElo "2590"]

1.d4 Nf6 2.c4 e6 3.g3 d5 4.Bg2 Bb4+ 5.Bd2 Be7 6.Nf3 O-O 7.Qc2 c6 8.O-O b6
9.Re1 Nbd7 10.cxd5 cxd5 11.Qb3 Bb7 12.Bb4 Rc8 13.Nc3 Ne4 14.Bxe7 Qxe7 15.Rac1 Nxc3
16.Rxc3 Rxc3 17.Qxc3 Rc8 18.Qd2 Ba6 19.Bf1 Nf6 20.Rc1 Qe8 21.Qf4 Rxc1 22.Qxc1 Qc8
23.Qxc8+ Bxc8 24.Ne5 Bb7 25.e3 Kf8 26.f3  1/2-1/2

[Event "Dhaka"]
[Site "Dhaka"]
[Date "1997.??.??"]
[Round "10"]
[White "Kaiumov, Dmitry D"]
[Black "Tiviakov, Sergei"]
[Result "0-1"]
[WhiteElo "2450"]
[BlackElo "2600"]

1.e4 c5 2.Nf3 d6 3.d4 cxd4 4.Nxd4 Nf6 5.Nc3 g6 6.Bc4 Bg7 7.O-O O-O 8.Re1 Nc6
9.Nb3 Be6 10.Nd5 Rc8 11.c3 Bxd5 12.Bxd5 Nxd5 13.Qxd5 e6 14.Qb5 Qc7 15.Be3 a6
16.Qb6 Qxb6 17.Bxb6 Ne5 18.Na5 Nd3 19.Re2 Nxb2 20.Rxb2 Bxc3 21.Rbb1 f5 22.exf5 Bxa1
23.Rxa1 Rxf5 24.a4 Rf4 25.Be3 Rb4 26.Bd2 Rb2 27.Be3 Rc7 28.g3 b6 29.Rd1 bxa5
30.Rxd6 Rb4 31.Rxe6 Rxa4 32.Rxa6 Rd7 33.Kg2 Ra2 34.h4 a4 35.Kf3 Kf7 36.Ke4 Re7+
37.Kd5 a3 38.Bg5 Rd7+ 39.Ke4 Ra1 40.Rf6+ Kg8 41.Ra6 Rf7 42.Bh6 Rf5 43.g4 Rb5
44.Ra8+ Kf7 45.Ra7+ Ke8 46.Bg7 Rb4+ 47.Kf3 Rb3+ 48.Kg2 Rd1 49.Be5 Rd5 50.Bf6 Rd7
51.Ra6 Rc7 52.h5 Rc4 53.g5 gxh5 54.Ra7 h4 55.Rxh7 h3+ 56.Kf1 Re4 57.Kg1 a2
58.Ra7 Rg4+  0-1

[Event "RUS-ch m1-2"]
[Site "Elista"]
[Date "1997.??.??"]
[Round "3.2"]
[White "Tiviakov, Sergei"]
[Black "Yakovich, Yuri"]
[Result "1/2-1/2"]
[WhiteElo "2600"]
[BlackElo "2575"]

1.e4 c5 2.Nf3 Nc6 3.d4 cxd4 4.Nxd4 Nf6 5.Nc3 e5 6.Ndb5 d6 7.Bg5 a6 8.Na3 b5
9.Nd5 Be7 10.Bxf6 Bxf6 11.c3 O-O 12.Nc2 Rb8 13.h4 Be7 14.Nce3 Be6 15.g3 Qd7
16.Qf3 Bd8 17.h5 h6 18.Nf5 Bxf5 19.Qxf5 Qxf5 20.exf5 Ne7 21.Nxe7+ Bxe7 22.Bg2 Rfc8
23.O-O Kf8 24.Rfd1 b4 25.cxb4 Rxb4 26.Rac1 Rbc4 27.Rxc4 Rxc4 28.Bf1 Rc2 29.Bxa6 Rxb2
30.Bc4 Rc2 31.Bb3 Rc6 32.Rd5 Bd8 33.Rb5 Rb6 34.Rxb6 Bxb6 35.Kg2 f6 36.f3 d5
37.Bxd5 Ke7 38.Kf1  1/2-1/2

[Event "Groningen op"]
[Site "Groningen"]
[Date "1997.??.??"]
[Round "6"]
[White "Tiviakov, Sergei"]
[Black "Hansen, Sune Berg"]
[Result "1-0"]
[WhiteElo "2590"]
[BlackElo "2490"]

1.e4 c5 2.Nf3 Nc6 3.d4 cxd4 4.Nxd4 Nf6 5.Nc3 e5 6.Ndb5 d6 7.Bg5 a6 8.Na3 b5
9.Nd5 Be7 10.Bxf6 Bxf6 11.c3 O-O 12.Nc2 Bg5 13.a4 bxa4 14.Rxa4 a5 15.Bb5 Bb7
16.O-O Kh8 17.Nce3 Na7 18.Bd3 g6 19.Nc4 Nc6 20.Ncb6 Rb8 21.Qg4 Na7 22.b4 Nc8
23.bxa5 Nxb6 24.Nxb6 Bd2 25.Ra3 f5 26.Qe2 Bh6 27.c4 Bc6 28.Bc2 Rf7 29.Rd1 Bf8
30.c5 Qf6 31.Nc4 dxc5 32.exf5 Re8 33.fxg6 hxg6 34.Rh3+ Rh7 35.Rxh7+ Kxh7
36.Be4 Bb5 37.Rb1  1-0

[Event "World Cities"]
[Site "Jakarta "]
[Date "1997.??.??"]
[Round "1"]
[White "Myo, Naing"]
[Black "Tiviakov, Sergei"]
[Result "0-1"]
[WhiteElo "2240"]
[BlackElo "2590"]

1.e4 c5 2.Nf3 d6 3.d4 cxd4 4.Nxd4 Nf6 5.Nc3 g6 6.Be3 Bg7 7.f3 Nc6 8.Qd2 Bd7
9.O-O-O Rc8 10.g4 h5 11.g5 Nh7 12.h4 Ne5 13.Kb1 O-O 14.f4 Ng4 15.Bg1 a6 16.Nde2 b5
17.Nd5 Bc6 18.Bg2 Re8 19.Ne3 Nxe3 20.Bxe3 Qc7 21.Ng3 b4 22.Rc1 a5 23.f5 Rb8
24.Bd4 Bxd4 25.Qxd4 Qb6 26.Qd3 Bb5 27.Qf3 a4 28.Rhd1 Qc5 29.Rd5 Qc7 30.Bh3 Nf8
31.Rd2 a3 32.b3 e6 33.fxg6 fxg6 34.c4 bxc3 35.Qxc3 Qf7 36.Qf6 Qxf6 37.gxf6 Red8
38.Rc7 Rbc8 39.Rxc8 Rxc8 40.Bf1 Bxf1 41.Nxf1 Kf7 42.Ne3 Kxf6 43.Nc4 g5 44.Nxd6 Rb8
45.Rf2+ Kg6 46.Rg2 g4 47.Nc4 Kh6 48.Ne5 Ng6 49.Nxg4+ hxg4 50.Rxg4 Rc8 51.Rg2 Nxh4
52.Rc2 Re8 53.Rc5 e5 54.Kc2 Kg5 55.b4 Kf4 56.Kb3 Nf3 57.Kxa3 Kxe4 58.Kb3 Nd4+
59.Kb2 Kd3 60.a4 e4  0-1

[Event "World Cities"]
[Site "Jakarta "]
[Date "1997.??.??"]
[Round "3"]
[White "Ubayana, Harry"]
[Black "Tiviakov, Sergei"]
[Result "0-1"]
[WhiteElo "2200"]
[BlackElo "2590"]

1.d4 Nf6 2.Nf3 e6 3.c4 b6 4.g3 Bb4+ 5.Bd2 Be7 6.Bg2 c6 7.Nc3 d5 8.cxd5 cxd5
9.O-O O-O 10.Rc1 Bb7 11.Bf4 Nc6 12.Ne5 Rc8 13.Nxc6 Rxc6 14.Re1 Qd7 15.Qd3 Rfc8
16.a3 Rc4 17.b3 R4c6 18.Nb1 Ne4 19.Rxc6 Bxc6 20.Rc1 Nd6 21.Bf1 Nf5 22.Bh3 Bf6
23.Bxf5 exf5 24.Nc3 g5 25.Bd2 Kh8 26.Nd1 Re8 27.a4 Qe6 28.Nc3 Kg7 29.Be3 h5
30.b4 Bd8 31.b5 Bb7 32.Rc2 h4 33.Bc1 Rh8 34.Nd1 hxg3 35.fxg3 f4 36.Nf2 fxg3
37.Qxg3 f6 38.Kf1 Qf5 39.Rc3 a6 40.Rf3 Qe6  0-1

[Event "World Cities"]
[Site "Jakarta "]
[Date "1997.??.??"]
[Round "10"]
[White "Ginting, Nasib"]
[Black "Tiviakov, Sergei"]
[Result "1/2-1/2"]
[WhiteElo "2425"]
[BlackElo "2590"]

1.d4 Nf6 2.c4 e6 3.g3 d5 4.Nf3 Bb4+ 5.Bd2 Be7 6.Bg2 c6 7.Qc2 O-O 8.O-O b6
9.Bf4 Bb7 10.Rd1 Nbd7 11.Nc3 Rc8 12.Rac1 Nh5 13.Be3 Bd6 14.Qb3 Qe7 15.cxd5 exd5
16.Bh3 f5 17.Bg5 Qf7 18.e3 Rce8 19.Bf4 Qe7 20.Qc2 g6 21.Bh6 Ng7 22.Ne2 Kh8
23.Nf4 Rc8 24.Bg2 Nf6 25.Bg5 Qe8  1/2-1/2

[Event "Jakarta op"]
[Site "Jakarta"]
[Date "1997.??.??"]
[Round "?"]
[White "Nenashev, Alexander"]
[Black "Tiviakov, Sergei"]
[Result "1/2-1/2"]
[WhiteElo "2585"]
[BlackElo "2600"]

1.d4 Nf6 2.c4 e6 3.Nf3 b6 4.g3 Bb7 5.Bg2 Be7 6.O-O O-O 7.Nc3 Ne4 8.Nxe4 Bxe4
9.Ne1 Bxg2 10.Kxg2 d5 11.Qa4 dxc4 12.Qxc4 c5  1/2-1/2

[Event "Jakarta op"]
[Site "Jakarta"]
[Date "1997.??.??"]
[Round "?"]
[White "Tiviakov, Sergei"]
[Black "Marentek, Hanny"]
[Result "1-0"]
[WhiteElo "2600"]
[BlackElo "2435"]

1.e4 e6 2.d4 d5 3.Nd2 dxe4 4.Nxe4 Nd7 5.Nf3 Ngf6 6.Nxf6+ Nxf6 7.Bd3 Be7 8.Qe2 O-O
9.Bg5 c5 10.dxc5 Qa5+ 11.c3 Qxc5 12.O-O h6 13.Bh4 Rd8 14.Rfe1 Bd7 15.Nd4 Re8
16.Rad1 Ba4 17.b3 Bc6 18.Nxc6 bxc6 19.Qf3 Kf8 20.Bc4 Rad8 21.Bg3 Bd6 22.Rxd6 Rxd6
23.Qe3 Qa3 24.Bxd6+ Qxd6 25.Qxa7 Ng4 26.h3 Qh2+ 27.Kf1 Rd8 28.hxg4 Rd2 29.Qc5+  1-0

[Event "Jakarta op"]
[Site "Jakarta"]
[Date "1997.??.??"]
[Round "?"]
[White "Suroso, Joko"]
[Black "Tiviakov, Sergei"]
[Result "0-1"]
[WhiteElo "2265"]
[BlackElo "2600"]

1.d4 Nf6 2.c4 e6 3.Nc3 Bb4 4.Bd2 O-O 5.Nf3 b6 6.a3 Bxc3 7.Bxc3 Bb7 8.g3 Ne4
9.Rc1 Ng5 10.Bg2 Nxf3+ 11.exf3 d5 12.f4 Bc6 13.cxd5 Bxd5 14.O-O Nc6 15.Re1 Qd7
16.Qd3 Bxg2 17.Kxg2 Rfd8 18.Qe4 Ne7 19.Re2 Qd5 20.f3 Rac8 21.g4 Rd7 22.Kg3 Nc6
23.h4 h5 24.Qxd5 Rxd5 25.Re4 a5 26.Kf2 g6 27.Ke3 Ne7 28.Re5 Rcd8 29.Rg1 Kh7
30.Ke4 R8d6 31.gxh5 gxh5 32.Reg5 Ng6 33.R1g3 Kh6 34.a4 Rf5 35.Bd2 c5 36.Be3 cxd4
37.Bd2 d3 38.Rxf5 exf5+ 39.Kxf5 Re6 40.Rxg6+ Rxg6 41.Ke4 Rd6 42.Ke5 Rd7 43.Ke4 f5+
44.Ke3 Kg6 45.Bc3 Kf7 46.Kd2 Ke6 47.Ke3 Rd5 48.Be1 Kd6 49.Kd2 Rd4 50.b3 Kc6
51.Ke3 Rd5 52.Kd2 Rd7 53.Kc3 Re7 54.Bd2 Re2 55.Kxd3 Rh2 56.Be1 Kd5 57.b4 axb4
58.Bxb4 Rxh4  0-1

[Event "Anibal op 5th"]
[Site "Linares"]
[Date "1998.01.25"]
[Round "6"]
[White "Kovacevic, Slobodan"]
[Black "Tiviakov, Sergei"]
[Result "0-1"]
[WhiteElo "2420"]
[BlackElo "2640"]

1.d4 Nf6 2.Nf3 e6 3.Bf4 c5 4.e3 Qb6 5.Nc3 a6 6.a3 Nc6 7.Be2 Nh5 8.dxc5 Bxc5
9.Bg5 h6 10.Bh4 g5 11.Bg3 Nxg3 12.hxg3 Qxb2 13.Na4 Qg7 14.Nxc5 Qc3+ 15.Nd2 Qxc5
16.c4 Ke7 17.Nb3 Qe5 18.Qd2 Rd8 19.Rxh6 d5 20.cxd5 Rxd5 21.Qc2 Bd7 22.Rc1 Rc8
23.Qc3 b5 24.Qxe5 Rxe5 25.Bf3 a5 26.Kd2 a4 27.Nc5 Na5 28.Nxd7 Nb3+ 29.Kd3 Nxc1+
30.Kd4 Rc4+ 31.Kxe5 Nd3+  0-1

[Event "Anibal op 5th"]
[Site "Linares"]
[Date "1998.01.26"]
[Round "7"]
[White "Tiviakov, Sergei"]
[Black "Komljenovic, Davor"]
[Result "1-0"]
[WhiteElo "2640"]
[BlackElo "2425"]

1.e4 c5 2.Nf3 d6 3.d4 cxd4 4.Nxd4 Nf6 5.Nc3 g6 6.Be3 Bg7 7.f3 Nc6 8.Qd2 O-O
9.Bc4 Bd7 10.O-O-O Rc8 11.Bb3 Ne5 12.Kb1 Nc4 13.Bxc4 Rxc4 14.g4 b5 15.b3 Rc5
16.Ne6 fxe6 17.Bxc5 Ne8 18.Bd4 e5 19.Bxa7 Rxf3 20.Rhf1 Bxg4 21.Rxf3 Bxf3
22.Rf1 Bg4 23.Qd5+ Kh8 24.Qxb5 Nf6 25.a4 h5 26.Qb8 Bc8 27.Bb6 Qd7 28.a5 Kh7
29.Kb2 Bh6 30.Qc7 Qxc7 31.Bxc7 Ba6 32.Rf3 g5 33.Bxd6 g4 34.Rf5 Kg6 35.Bxe7 Nxe4
36.Rxe5 Nxc3 37.Re6+ Kh7 38.Kxc3 Bg7+ 39.Bf6  1-0

[Event "Ubeda op"]
[Site "Ubeda"]
[Date "1998.01.27"]
[Round "8"]
[White "Sulava, Nenad"]
[Black "Tiviakov, Sergei"]
[Result "0-1"]
[WhiteElo "2450"]
[BlackElo "2640"]

1.Nf3 Nf6 2.c4 b6 3.g3 Bb7 4.Bg2 e6 5.d4 Bb4+ 6.Bd2 Be7 7.Nc3 c6 8.e4 d5
9.cxd5 cxd5 10.e5 Ne4 11.O-O O-O 12.Re1 Nxc3 13.bxc3 Ba6 14.h4 Nc6 15.Ng5 Rc8
16.Qb1 g6 17.Nh3 Na5 18.h5 Rc6 19.Bh6 Re8 20.Qc1 Qc7 21.Qf4 Rxc3 22.Ng5 Bd8
23.hxg6 hxg6 24.Qh4 Nc6 25.Bxd5 Nxd4 26.Qxd4 exd5 27.Qa4 Re7 28.Qxa6 Rxe5
29.Nf3 Rxf3 30.Bf4 Rxf4 31.gxf4 Rf5 32.Re8+ Kg7 33.Qe2 Qxf4 34.Rd1 Bh4 35.Rd2 Qg5+
36.Kh1 Bxf2 37.Rd3 Qh4+ 38.Kg2 Rg5+  0-1

[Event "New York op"]
[Site "New York"]
[Date "1998.03.17"]
[Round "4"]
[White "Tiviakov, Sergei"]
[Black "Izeta Txabarri, Felix"]
[Result "1-0"]
[WhiteElo "2640"]
[BlackElo "2475"]

1.e4 c6 2.d4 d5 3.Nd2 dxe4 4.Nxe4 Bf5 5.Ng3 Bg6 6.h4 h6 7.Nf3 Nd7 8.h5 Bh7
9.Bd3 Bxd3 10.Qxd3 Qc7 11.Bd2 e6 12.O-O-O O-O-O 13.Qe2 Bd6 14.Ne4 Bf4 15.g3 Bxd2+
16.Nexd2 Ngf6 17.Ne5 Rhf8 18.Nb3 c5 19.Nxc5 Nxc5 20.dxc5 Qxc5 21.f4 Qc7 22.Kb1 Rxd1+
23.Rxd1 Rd8 24.Rc1 Rf8 25.c4 Nd7 26.Nxd7 Qxd7 27.Qe3 Rd8 28.Qxa7 Qd3+ 29.Ka1 Qxg3
30.Qc5+ Kb8 31.Qe5+ Kc8 32.a3 Qg4 33.Qc5+ Kb8 34.Qe7 Rd3 35.Qxf7 Rf3 36.Qf8+ Ka7
37.Qc5+ Kb8 38.Qd6+ Ka8 39.Rd1 Qxf4 40.Qd8+  1-0

[Event "New York op"]
[Site "New York"]
[Date "1998.03.20"]
[Round "7"]
[White "Tiviakov, Sergei"]
[Black "Magem Badals, Jorge"]
[Result "1/2-1/2"]
[WhiteElo "2640"]
[BlackElo "2535"]

1.e4 c6 2.d4 d5 3.Nd2 dxe4 4.Nxe4 Bf5 5.Ng3 Bg6 6.h4 h6 7.Nf3 Nf6 8.h5 Bh7
9.Bd3 Bxd3 10.Qxd3 e6 11.Bf4 Bd6 12.Ne5 Qc7 13.Ne4 Nxe4 14.Qxe4 Nd7 15.Rh3 O-O-O
16.O-O-O Nxe5 17.Bxe5 f6 18.Bxd6  1/2-1/2

[Event "Presidents Cup"]
[Site "Elista"]
[Date "1998.05.08"]
[Round "1.2"]
[White "Galliamova, Alisa"]
[Black "Tiviakov, Sergei"]
[Result "1-0"]
[WhiteElo "2505"]
[BlackElo "2640"]

1.Nf3 Nf6 2.c4 b6 3.Nc3 Bb7 4.d4 e6 5.a3 d5 6.cxd5 Nxd5 7.e3 Be7 8.Bb5+ c6
9.Bd3 Nd7 10.O-O Nxc3 11.bxc3 c5 12.e4 O-O 13.Qe2 Rc8 14.Bb2 Qc7 15.Rad1 Rfd8
16.Nd2 cxd4 17.cxd4 e5 18.Rc1 Qb8 19.Rxc8 Bxc8 20.d5 Nc5 21.Bc4 b5 22.Ba2 Na4
23.Ba1 Bxa3 24.f4 Bc5+ 25.Kh1 Bd4 26.fxe5 Bxa1 27.Qh5 Rf8 28.Rxa1 Nc3 29.Bb3 Qb6
30.Rf1 Qe3 31.e6 g6 32.Qf3 Qxd2 33.Qf6 h5 34.e7  1-0

[Event "Presidents Cup"]
[Site "Elista"]
[Date "1998.05.09"]
[Round "1.9"]
[White "Galliamova, Alisa"]
[Black "Tiviakov, Sergei"]
[Result "0-1"]
[WhiteElo "2505"]
[BlackElo "2640"]

1.Nf3 Nf6 2.c4 b6 3.Nc3 Bb7 4.d4 e6 5.a3 d5 6.cxd5 exd5 7.g3 Be7 8.Bg2 O-O
9.Ne5 c6 10.O-O Nbd7 11.b4 Bd6 12.Nd3 Qe7 13.Bf4 Ba6 14.b5 Bxb5 15.Nxb5 cxb5
16.Qb3 a6 17.Bxd5 Nxd5 18.Qxd5 Bxf4 19.Nxf4 Nf6 20.Qb3 Rfd8 21.Rad1 Rac8
22.Rfe1 Rc4 23.Qb2 b4 24.e4 bxa3 25.Qxb6 Ra4 26.d5 Rxe4 27.Rxe4 Nxe4 28.Qxa6 Qc5
29.Nd3 Qxd5 30.Qxa3 Ng5 31.Nb2 Nh3+ 32.Kf1 Qh1+ 33.Ke2 Re8+ 34.Kd2 Qxh2 35.Qf3 Nxf2
36.Rf1 Ne4+ 37.Kd3 Qd2+ 38.Kc4 Rc8+  0-1

[Event "Presidents Cup"]
[Site "Elista"]
[Date "1998.05.09"]
[Round "1.6"]
[White "Galliamova, Alisa"]
[Black "Tiviakov, Sergei"]
[Result "1-0"]
[WhiteElo "2505"]
[BlackElo "2640"]

1.Nf3 Nf6 2.c4 e6 3.Nc3 Bb4 4.Qb3 c5 5.a3 Bxc3 6.Qxc3 b6 7.b4 d6 8.g3 Bb7
9.Bg2 O-O 10.Bb2 Nbd7 11.O-O Qe7 12.d3 Rfc8 13.b5 d5 14.e3 a5 15.Nh4 Qf8
16.f4 Rd8 17.Rae1 Rab8 18.e4 dxe4 19.dxe4 Qe7 20.g4 Ne8 21.Nf3 Ndf6 22.Ne5 Nd7
23.Nc6 Bxc6 24.bxc6 Nf8 25.e5 Nc7 26.f5 Rd4 27.f6 Qe8 28.fxg7 Ng6 29.Be4 Qe7
30.Qf3 Rxc4 31.Rd1 Nd5 32.Bxd5 Rf4 33.Qd3 Rxf1+ 34.Qxf1 exd5 35.Rxd5 Rc8
36.Qd3 Nf4 37.Qf5 Qe6 38.Rd6 Qxf5 39.gxf5 Kxg7 40.e6+ Kf8 41.Bf6 fxe6 42.fxe6 Nxe6
43.Rxe6 Kf7 44.Rd6 b5 45.Kf2 b4 46.a4 c4 47.Ke3 c3 48.Kd3 h5 49.Bd8 Ra8 50.c7 Ke8
51.Kc2 Rc8 52.Kb3 Kf7 53.Rd5 Ke6 54.Rxa5  1-0

[Event "Tan Chin Nam"]
[Site "Beijing"]
[Date "1998.06.14"]
[Round "7"]
[White "Tiviakov, Sergei"]
[Black "Magem Badals, Jorge"]
[Result "1/2-1/2"]
[WhiteElo "2640"]
[BlackElo "2535"]

1.e4 c6 2.d4 d5 3.Nd2 dxe4 4.Nxe4 Bf5 5.Ng3 Bg6 6.h4 h6 7.Nf3 Nf6 8.h5 Bh7
9.Bd3 Bxd3 10.Qxd3 e6 11.Bf4 Bd6 12.Ne5 Qc7 13.O-O-O Nbd7 14.Ne4 Nxe4 15.Qxe4 O-O-O
16.Bg3 Nxe5 17.dxe5 Bc5 18.Qg4 Rhg8 19.a3 Qb6 20.Qf3 Qc7 21.b4 Be7 22.Kb1 Rgf8
23.Rxd8+ Qxd8 24.Rd1 Qb6 25.c3 a5  1/2-1/2

[Event "RUS-ch51"]
[Site "St Petersburg"]
[Date "1998.07.31"]
[Round "4"]
[White "Tiviakov, Sergei"]
[Black "Tregubov, Pavel V"]
[Result "1/2-1/2"]
[WhiteElo "2655"]
[BlackElo "2535"]

1.e4 c5 2.c3 d6 3.d4 Nf6 4.Bd3 g6 5.Nf3 Bg7 6.O-O O-O 7.h3 a6 8.a4 cxd4 9.cxd4 Nc6
10.Nc3 e5 11.dxe5 dxe5 12.Be3 Be6 13.Bc5 Re8 14.Ng5 Qa5 15.Ba3 Rad8 16.Nxe6 Rxe6
17.Qb1 Nb4 18.Bc4 Rc6 19.b3 Bf8 20.Kh1 Bc5 21.Bxb4 Qxb4 22.Nd5 Nxd5 23.Bxd5 Rf6
24.Qd3 Qd4 25.Rad1 Qxd3 26.Rxd3 Kg7 27.f3 b6 28.g3  1/2-1/2

[Event "RUS-ch51"]
[Site "St Petersburg"]
[Date "1998.08.04"]
[Round "8"]
[White "Tiviakov, Sergei"]
[Black "Iskusnyh, Sergei"]
[Result "1/2-1/2"]
[WhiteElo "2655"]
[BlackElo "2455"]

1.e4 c5 2.Nf3 Nc6 3.d4 cxd4 4.Nxd4 Nf6 5.Nc3 e5 6.Ndb5 d6 7.Bg5 a6 8.Na3 b5
9.Nd5 Be7 10.Bxf6 Bxf6 11.c3 O-O 12.Nc2 Bg5 13.a4 bxa4 14.Rxa4 a5 15.Bb5 Ne7
16.Ncb4 Be6 17.Nxe7+ Qxe7 18.Bc6 Ra7 19.Nd5 Bxd5 20.Bxd5 Rb8 21.Qc2 Qd7 22.O-O Bd8
23.b3 Bb6 24.Kh1 g6 25.f4 exf4 26.Rxf4 Rf8 27.Ra1 Qe7 28.Raf1 Qe5 29.Qd2 Kg7
30.R1f3 f6 31.Rg4 Bc5 32.Rf5 Qe8 33.Rf1 Qe5 34.Rh4 h5 35.Rh3 Bb6 36.Qd1 Rc7
37.Rf5 Qe8 38.Rff3 Qe5 39.Rfg3 Bf2 40.Rd3 Bc5 41.g4 Rh8 42.gxh5 Rxh5 43.Rxh5 Qxh5
44.Qxh5 gxh5 45.Kg2 Re7 46.Rg3+ Kh6 47.Rf3 Kg7 48.Kg3 Re5 49.h4 f5 50.Rxf5 Rxf5
51.exf5 Kf6 52.Bf3 Kxf5 53.Bxh5 Be3  1/2-1/2

[Event "Iona Tech Masters"]
[Site "Kilkenny"]
[Date "1998.11.28"]
[Round "4"]
[White "Baburin, Alexander"]
[Black "Tiviakov, Sergei"]
[Result "1/2-1/2"]
[WhiteElo "2590"]
[BlackElo "2655"]

1.d4 Nf6 2.c4 e6 3.Nc3 Bb4 4.Qc2 O-O 5.a3 Bxc3+ 6.Qxc3 b6 7.Bg5 Bb7 8.e3 h6
9.Bh4 g5 10.Bg3 Ne4 11.Qc2 f5 12.f3 Nxg3 13.hxg3 Qf6 14.Ne2 d6 15.Nc3 Nd7
16.O-O-O a6 17.f4 Rae8 18.Rh2 Qg7 19.Be2 e5 20.Rdh1 Rf6 21.Nd5 Bxd5 22.cxd5 b5
23.g4 exd4 24.exd4 Nb6 25.gxf5 Nxd5 26.Bh5 Re3 27.fxg5 Qxg5 28.Kb1 Qxf5 29.Bf3  1/2-1/2

[Event "St Vincent op"]
[Site "St Vincent"]
[Date "1998.??.??"]
[Round "4"]
[White "Tiviakov, Sergei"]
[Black "Castelfranchi, Carlo"]
[Result "1-0"]
[WhiteElo "2640"]
[BlackElo "2215"]

1.e4 Nf6 2.e5 Nd5 3.d4 d6 4.Nf3 Bg4 5.Be2 e6 6.O-O Be7 7.c4 Nb6 8.h3 Bh5
9.Nc3 O-O 10.Be3 d5 11.c5 Bxf3 12.gxf3 Nc8 13.f4 Nc6 14.b4 f5 15.Qa4 Bh4
16.b5 N6e7 17.Kh2 Kh8 18.Qd1 Ng6 19.a4 b6 20.a5 bxc5 21.dxc5 d4 22.Qxd4 Qxd4
23.Bxd4 Nxf4 24.Bc4 Ne7 25.Rfd1 Rfd8 26.Be3 Nfd5 27.Bxd5 exd5 28.c6 a6 29.b6 d4
30.bxc7 Rdc8 31.Rxd4 g5 32.Rd7 g4 33.hxg4 Nxc6 34.f4 Nb4 35.Bc5 Nc2 36.Rc1 Ne1
37.g5 h6 38.Nd5 Nd3 39.Nf6  1-0

[Event "Ubeda op"]
[Site "Ubeda"]
[Date "1999.01.24"]
[Round "5"]
[White "Tiviakov, Sergei"]
[Black "Barsov, Alexei"]
[Result "1-0"]
[WhiteElo "2655"]
[BlackElo "2475"]

1.e4 e6 2.d4 d5 3.Nd2 c5 4.exd5 Qxd5 5.Ngf3 cxd4 6.Bc4 Qd6 7.O-O Nf6 8.Nb3 Nc6
9.Nbxd4 Nxd4 10.Nxd4 a6 11.Bb3 Qc7 12.Qf3 Bd6 13.h3 O-O 14.Bg5 Nd7 15.c3 Ne5
16.Qh5 Ng6 17.Bc2 Bh2+ 18.Kh1 Bf4 19.Bxf4 Qxf4 20.Nf3 f6 21.Rad1 e5 22.g3 Qh6
23.Qxh6 gxh6 24.Kh2 Be6 25.Rd6 Bc4 26.Re1 Rad8 27.Rb6 Bd5 28.Be4 Bxe4 29.Rxe4 Rf7
30.Kg2 Rdd7 31.Reb4 Kf8 32.a3 Kg7 33.Kf1 Rfe7 34.Ke2 f5 35.Nd2 e4 36.Nb3 f4
37.Nc5 f3+ 38.Ke3 Rd1 39.Rxe4 Re1+ 40.Kd4 Rd1+ 41.Kc4 Rc7 42.Kb4 a5+ 43.Kb5 Rd5
44.b4 axb4 45.axb4 Rf7 46.Rd4 Re5 47.Ka4 Re2 48.Ne6+ Kg8 49.Rd8+ Nf8 50.Nxf8 Rxf8
51.Rxf8+ Kxf8 52.Rf6+  1-0

[Event "Bunratty Masters"]
[Site "Bunratty"]
[Date "1999.02.18"]
[Round "1"]
[White "Tiviakov, Sergei"]
[Black "O'Connell, Gerard"]
[Result "1-0"]
[WhiteElo "2627"]
[BlackElo "2201"]

1.e4 c5 2.Nf3 d6 3.d4 cxd4 4.Nxd4 Nf6 5.Nc3 g6 6.Be3 Bg7 7.f3 Nc6 8.Qd2 O-O
9.Bc4 Bd7 10.O-O-O Qa5 11.Bb3 Rfc8 12.Kb1 Ne5 13.h4 Nc4 14.Bxc4 Rxc4 15.Nb3 Qe5
16.Bd4 Qe6 17.h5 b5 18.Nd5 Nxd5 19.Bxg7 Kxg7 20.exd5 Qf6 21.hxg6 Qxg6 22.g4 Rac8
23.Nd4 f6 24.Rde1 Re8 25.Rh5 h6 26.Reh1 Rh8 27.b3 Rc7 28.Qe3 Bc8 29.f4 Kf8
30.g5 Rc5 31.Rxh6 Rxh6 32.Rxh6 Qg7 33.Qe4 fxg5 34.Rh7  1-0

[Event "Bunratty Masters"]
[Site "Bunratty"]
[Date "1999.02.20"]
[Round "5"]
[White "Tiviakov, Sergei"]
[Black "Gormally, Daniel"]
[Result "1/2-1/2"]
[WhiteElo "2627"]
[BlackElo "2456"]

1.e4 c5 2.Nf3 d6 3.d4 cxd4 4.Nxd4 Nf6 5.Nc3 a6 6.f4 Qc7 7.Bd3 g6 8.O-O Bg7
9.Nf3 Nbd7 10.Qe1 b5 11.Bd2 Bb7 12.a3 O-O 13.Qh4 Qc5+ 14.Kh1 Qh5 15.Qg3 Nc5
16.Rae1 Qg4 17.Qf2 Rac8 18.h3 Qd7 19.Qh4 d5 20.e5 Nfe4 21.Be3 Nxc3 22.bxc3 e6
23.Bd4 Qd8 24.Qg4 Ne4 25.Bxe4 dxe4 26.Nd2 Qe7 27.Qe2 Qxa3 28.Ra1 Qe7 29.Nxe4 Bxe4
30.Qxe4 Ra8 31.Rfb1 Rfb8 32.Rxb5 axb5 33.Rxa8 Rxa8 34.Qxa8+ Bf8 35.Kh2 Qc7
36.Qf3 Qc4 37.Qd3 Qc6 38.g4 Bh6 39.Kg3 Qh1 40.Bc5 Qe1+ 41.Kg2 Bf8 42.Bf2 Qc1
43.Kg3 Bh6 44.Be3 Qe1+ 45.Kg2 Bf8 46.Qd2 Qb1  1/2-1/2